000 00320nam a2200133Ia 4500
008 240624s9999 xx 000 0 und d
041 _aeng
082 _a828 MOR
100 _aMORITA AKIO
245 _aMADE IN JAPAN
260 _c2009
_aNew Delhi
_bPenguin Books India Pvt. Ltd
300 _a344 : p.
365 _cRS
_b25
999 _c19435
_d19435